000 00765nam a2200229 i 4500
001 99592
003 ES-MaACL
005 20230906182525.0
007 t|
008 050913s1968 sp ||||1| spa d
017 _aM 21764-1968
080 _a86.0(469)"15/16"
100 1 _aMartínez Almoyna, Julio.
_977842
245 1 3 _aLa Lengua española en la Literatura portuguesa /
_cpor J. Martínez Almoyna y A. Viera de Lemos; [prólogo por Luis de Pina].
260 _aMadrid :
_bIMNASA,
_c1968.
300 _a618 p. ;
_c24 cm.
650 4 _aLiteratura española-
_zPortugal.
_9141419
650 0 4 _aEscritores portugueses-
_vBiografías.
_912395
700 1 _aViera de Lemos, A.
_9114589
700 1 _aPina, Luis de.
_992065
852 4 _aES-MaACL
_jC-37895
_9R.71569
999 _c99592
_d99592